| 000 | 01032nam a2200253Ia 4500 | ||
|---|---|---|---|
| 003 | OSt | ||
| 005 | 20220923211344.0 | ||
| 006 | a|||||r|||| 00| 0 | ||
| 007 | ta | ||
| 008 | 220922b |||||||| |||| 00| 0 hin d | ||
| 020 |
_a9788183900737 (hbk) _c1500 |
||
| 024 | _a244,213 | ||
| 037 |
_b225, 15/09/2010, Vidyanidhi Prakashan _cTextual |
||
| 040 |
_aARTS _cARTS _bhin |
||
| 041 |
_2hin _ahin |
||
| 082 | _aV44974:72(P15), 152Q0 | ||
| 100 |
_aअग्रवाल 'अरविन्द', कृष्णदेव _9160287 |
||
| 245 | 0 | _aनेपाली संस्कृत अभिलेखों में साहित्य | |
| 246 | _aNepālī sanskṛut abhilekhoan mean sāhitya | ||
| 260 |
_aनई दिल्ल _b अभिषेक प्रकाशन _c2010 |
||
| 300 |
_a194पृ. _ccm. |
||
| 942 |
_hV44974:72(P15), 152Q0 _cTEXL _2CC |
||
| 999 |
_c298736 _d298736 |
||